The Role of Nonverbal Communication in Cross-Cultural Business Negotiations bakalárska práca

Guardado en:
Detalles Bibliográficos
Autor principal: Vavrová, Esther
Autor Corporativo: Fakulta aplikovaných jazykov EU v Bratislave. Katedra interkultúrnej komunikácie
Otros Autores: Pavlíková, Žaneta, 1973-
Formato: Libro
Lenguaje:inglés
Publicado: Bratislava 2021
Etiquetas: Agregar Etiqueta
Sin Etiquetas, Sea el primero en etiquetar este registro!

MARC

LEADER 00000nbm a2200000 4500
001 0274872
005 20220216093602.7
041 0 |a eng 
044 |a SK 
245 1 0 |a The Role of Nonverbal Communication in Cross-Cultural Business Negotiations  |b bakalárska práca  |c Esther Vavrová ; školiteľ: Žaneta Pavlíková 
264 1 |a Bratislava  |c 2021 
300 |a 56 s. 
100 1 |a Vavrová, Esther 
700 1 |a Pavlíková, Žaneta, 1973- 
710 2 |a Fakulta aplikovaných jazykov EU v Bratislave. Katedra interkultúrnej komunikácie